000 00373 a2200169 4500
001 183005
020 _a85-03-00615-4
040 _cMagnum
100 _aHolanda, Francisco Buarque
240 1 0 _aChapeuzinho amarelo
_lpor
245 1 0 _aChapeuzinho amarelo
300 _a30
362 0 _a2001
440 1 _aJosé Olympio
697 _aLITERATURA INFANTO
942 _cBK
999 _c183005
_d183005